000 00420nam a2200157Ia 4500
008 210716s2011 xx 000 0 und d
020 _a8187940174
041 _aeng
082 _a006.671 KUMA
100 _aKumaraswamipillai, Arulkumaran; Arulkumaran, Sivayini.
245 _aCore java career essentials.
250 _a1
260 _aPune
_bGoels Computer Hut
_c2011
300 _a542
650 _aJava Programming
999 _c193589
_d193589